|
|
แสดงรายละเอียดบรรณานุกรม |
|
|
Brief Record
: Get Marc (ISO 2709)
: E-mail record
: |
|
|
| LEADER 00000nam 2200000uu 4500 | |||
| 001 214287 | |||
| 003 ULIBM | |||
| 008 020711s2568 th a 000 0 tha d | |||
| 020 ^a9786166160963 | |||
| 060 4 ^aWY160 ว827ศ 2568 | |||
| 100 ^aวีรติ พงษ์ทิพย์พัฒน์...[และคนอื่นๆ]. | |||
| 245 10 ^aศัพท์ทางการพยาบาลจิตเวช=^bPsychiatric nursing terminology/^cวีรติ พงษ์ทิพย์พัฒน์, ลัดดา แสนสีหา, เกศราภรณ์ ชูพันธ์, วรัญญา แสงพิทักษ์ และภาสินี โทอินทร์ | |||
| 246 31 ^aPsychiatric nursing terminology | |||
| 260 ขอนแก่น :^bคณะพยาบาลศาสตร์ มหาวิทยาลัยภาคตะวันออกเฉียงเหนือ,^c2568 | |||
| 300 240 หน้า :^bภาพประกอบ ;^c21 ซม. | |||
| 650 4 ^aการพยาบาลจิตเวชศาสตร์^vคำศัพท์ | |||
| 650 4 ^aจิตเวชศาสตร์^vคำศัพท์ | |||
| 700 0 ^aลัดดา แสนสีหา | |||
| 700 0 ^aเกศราภรณ์ ชูพันธ์ | |||
| 700 0 ^aวรัญญา แสงพิทักษ์ | |||
| 700 0 ^aภาสินี โทอินทร์ | |||
| 710 2 ^aมหาวิทยาลัยภาคตะวันออกเฉียงเหนือ.^bคณะพยาบาลศาสตร์ | |||
| 999 ^aใช้งานได้ทุกระบบ | |||
| คุณยังไม่ได้ล็อกอิน คุณสามารถมีกิจกรรมร่วมกับเว็บไซต์ได้ แต่ต้องล็อกอินก่อน :: |
|
| สถานะ | |||||||||
| 1. | การพยาบาล (ตำราหลัก) | WY160 ว827ศ 2568 ฉ.1 | On Shelf ขอยืม | ||||||
| 2. | การพยาบาล (ตำราหลัก) | WY160 ว827ศ 2568 ฉ.2 | ถูกยืม กำหนดส่งวันที่ จอง | ||||||
| Note:อภินันทนาการ | |||||||||
| 3. | การพยาบาล (ตำราหลัก) | WY160 ว827ศ 2568 ฉ.3 | On Shelf ขอยืม | ||||||
| Note:อภินันทนาการ | |||||||||
| 4. | การพยาบาล (ตำราหลัก) | WY160 ว827ศ 2568 ฉ.4 | On Shelf ขอยืม | ||||||
| Note:อภินันทนาการ | |||||||||
| 5. | การพยาบาล (ตำราหลัก) | WY160 ว827ศ 2568 ฉ.5 | On Shelf ขอยืม | ||||||
| Note:อภินันทนาการ | |||||||||
| 6. | การพยาบาล (ตำราหลัก) | WY160 ว827ศ 2568 ฉ.6 | On Shelf ขอยืม | ||||||
| Note:อภินันทนาการ | |||||||||
| 7. | การพยาบาล (ตำราหลัก) | WY160 ว827ศ 2568 ฉ.7 | On Shelf ขอยืม | ||||||
| Note:อภินันทนาการ | |||||||||
| 8. | การพยาบาล (ตำราหลัก) | WY160 ว827ศ 2568 ฉ.8 | On Shelf ขอยืม | ||||||
| Note:อภินันทนาการ | |||||||||
| 9. | การพยาบาล (ตำราหลัก) | WY160 ว827ศ 2568 ฉ.9 | On Shelf ขอยืม | ||||||
| Note:อภินันทนาการ | |||||||||
| 10. | การพยาบาล (ตำราหลัก) | WY160 ว827ศ 2568 ฉ.10 | On Shelf ขอยืม | ||||||
| 11. | การพยาบาล (ตำราหลัก) | WY160 ว827ศ 2568 ฉ.11 | On Shelf ขอยืม | ||||||
| 12. | การพยาบาล (ตำราหลัก) | WY160 ว827ศ 2568 ฉ.12 | On Shelf ขอยืม | ||||||
| [แสดง 12/12 รายการ] | |||||||||
BibComment |
| คอมเมนท์ทรัพยากรรายการนี้ |
|
|